00614nam a2200169Ia 4500008004100000016001400041040002400055050001700079082000800096110005900104245012800163260006700291300001900358563001000377650003000387650002700417210303s9999 xx 000 0 und d 2reto2022b aNLNbEnglisheAACR2 aHM403b.N685 a301 aNIGERIAN Anthropological and Sociological Association  0aBulletin of Nigerian anthropological and sociological Association /cNigerian Anthropological and Sociological Association  aIbadan :bDepartment of Sociology, University of Ibadan,c1971 a[?]p. ;b[?]cm a(pbk) aAnthropologyvPeriodicals aSociologyvPeriodicals